| 000 | 00556nam a2200181 i 4500 | ||
|---|---|---|---|
| 001 | 21176 | ||
| 003 | ES-MaACL | ||
| 005 | 20230906152432.0 | ||
| 007 | t| | ||
| 008 | 021121s1984 sp ||||1| spa d | ||
| 100 | 1 |
_aAlbaigès, Josep M. _919216 |
|
| 245 | 1 | 0 |
_aDiccionario de nombres de personas / _cJosé M. Albaigés Olivart. |
| 260 |
_a[Barcelona : _bUniversitat de Barcelona, _c1984] |
||
| 300 |
_a327 p. ; _c24 cm. |
||
| 504 | _aBibliografía: p. 325-327. | ||
| 650 | 4 |
_aNombres personales- _zEspaña. _915590 |
|
| 852 |
_aES-MaACL _jL-6890 _bR.107779 |
||
| 999 |
_c21176 _d21176 |
||